000 00396nam a22001217a 4500
999 _c1606
_d1606
005 20200902104904.0
008 200902b ||||| |||| 00| 0 eng d
020 _a0415026504
040 _cCML
245 _aThe Technological Behaviour of Public Enterprises in Developing Countries.
_cJames, J.
260 _aLondon
_bRoutledge
_c1989
942 _2ddc
_cBK
_e1st Edition
_h609.172
_mTEC